| 000 | 01190cam a2200241 4500 | ||
|---|---|---|---|
| 001 | WB4015-16 | ||
| 008 | 040422n2004 000 0 eng u | ||
| 035 | _a(Sirsi) u125921 | ||
| 245 | _aNew private rental index | ||
| 260 | _c2004 | ||
| 490 |
_aODPM News Release _v(2004/0100) 22 April 2004 (1) |
||
| 520 | _aA new quarterly index of private rental sector rents is published by ODPM. The quarterly index for England is created using the data collected by the Survey of English Housing. The index is released on an experimental basis as the methodology is still under development. The index is published in Housing Statistics Summary no 20: introducing the ODPM experimental quarterly private rental index at http://www.odpm.gov.uk/pns//pnattach/20040100/1.pd f. ODPM news release http://www.odpm.gov.uk/pns/DisplayPN.cgi?pn_id=200 4_0100. | ||
| 590 | _aWB | ||
| 590 | _aWB | ||
| 650 | _aPRIVATE SECTOR RENTS | ||
| 650 | _aSURVEY OF ENGLISH HOUSING | ||
| 650 | _aHOUSING STATISTICS | ||
| 650 | _aRENT INDICES | ||
| 650 |
_aRESIDENTIAL PROPERTY _96266 |
||
| 650 | _aODPM EXPERIMENTAL QUARTERLY PRIVATE RENTAL INDEX | ||
| 690 | _aHOUSING-PRIVATE RENTED SECTOR | ||
| 942 | _n0 | ||
| 999 |
_c117232 _d117232 |
||